000 00524nam a22001577a 4500
005 20250117100300.0
008 250117b |||||||| |||| 00| 0 eng d
020 _a06140683x
050 _aQR1
_b.M618
245 _aMicrobiology/
_bincluding immunology and molecular genetics
_cBernard D. Davis et al.,
250 _a2nd ed.
260 _aNew York, San Francisco, London
_bMedical Department, Harper & Row
_c1973
300 _axv. 1562p.
_bill. some color
_c26.5cm
700 _aDavis, Bernard D.
942 _2lcc
_cBK
_e2nd ed.
_n0
999 _c2605
_d2605